LEADER 00945nam0 2200289 450 001 9910513810303321 005 20211228111702.0 100 $a20211228f2020----km-y0itay50------ba 101 $aita 102 $aIT 105 $aa-------001yy 200 1 $aNuvole$fa cura di Antonio M. Cuomo, Carlo De Cristofaro$gcoordinatore del progetto Anna Vassallo 210 $a[s.l.$cs n.]$d[2020] 215 $a133 p.$d21x30 cm 300 $aSul frontespizio: Quaderni di Storia dell'Arte dei licei Classico e Musicale dell'istituto "Alfonso Gatto" di Agropoli - Giugno 2020 300 $aProgetto realizzato tra gennaio e giugno del 2020 610 0 $aFotografie 676 $a779$v22 702 1$aCuomo,$bAntonio M. 702 1$aDe Cristofaro,$bCarlo 801 0$aIT$bUNINA$gREICAT$2UNIMARC 901 $aBK 912 $a9910513810303321 952 $aART.FI B 576$b1216/2021$fFARBC 959 $aFARBC 996 $aNuvole$9789951 997 $aUNINA